000 00765nam a2200217Ia 4500
999 _c37842
_d37842
001 3820
003 GE_BSU
005 20230621162028.0
008 181216s1989||||ge |||||||||||||| ||geo||
020 _a5511001732
040 _cGE_BSU
041 _ageo
080 _a1(479.22) კ–24
100 _aკაპანელი, კონსტანტინე
_93743
245 _aფილოსოფიური შრომები /
_cრედ. ედ. კოდუა
264 _a თბ. :
_bთბილ. უნ-ტის გამ-ბა,
_c1989.
300 _a224 გვ. ;
_b21 სმ.
653 _aქართული ფილოსოფია
700 _aკოდუა, ედ.
_eრედაქტორი
_93744
942 _cBK
_2udc